Major Rental Car Companies in the United States - Statistics

General Stats
  • This quiz has been taken 26 times
  • The average score is 6 of 15
Answer Stats
Answer % Correct
Hertz
92%
Avis
76%
Enterprise
72%
Budget
60%
Alamo
52%
National
48%
Dollar
44%
Sixt
36%
Thrifty
32%
Fox
24%
Turo
20%
Rent-A-Wreck
4%
ACE
0%
Europcars
0%
Payless
0%
No matching quizzes found
Score Distribution
Percent of People with Each Score
Percentile by Number Answered
Your Score History
You have not taken this quiz